Neoconcretismo : (Record no. 39)

MARC details
000 -LEADER
campo de control de longitud fija 00950 a2200289 4500
001 - NÚMERO DE CONTROL
campo de control 2397097
005 - FECHA Y HORA DE LA ÚLTIMA TRANSACCIÓN
campo de control 20220326193247.0
010 ## - NÚMERO DE CONTROL DE LA BIBLIOTECA DEL CONGRESO
Número de control de LC 85211621
020 ## - NÚMERO INTERNACIONAL ESTÁNDAR DEL LIBRO
Número Internacional Estándar del Libro 8524600071
040 ## - FUENTE DE CATALOGACIÓN
Centro catalogador/agencia de origen DLC
Centro/agencia transcriptor DLC
Centro/agencia modificador DLC
041 0# - CÓDIGO DE IDIOMA
Código de lengua del texto/banda sonora o título independiente poreng
043 ## - CÓDIGO DE ÁREA GEOGRÁFICA
Código de área geográfica s-bl---
050 00 - SIGNATURA TOPOGRÁFICA DE LA BIBLIOTECA DEL CONGRESO
Número de clasificación N6655.5.C65
Número de ítem B75 1985
082 00 - NÚMERO DE LA CLASIFICACIÓN DECIMAL DEWEY
Número de clasificación 709/.81
Número de edición 19
100 1# - ENTRADA PRINCIPAL--NOMBRE DE PERSONA
Nombre de persona Brito, Ronaldo.
9 (RLIN) 1239
245 10 - MENCIÓN DEL TÍTULO
Título Neoconcretismo :
Resto del título vřtice e ruptura do projeto construtivo brasileiro /
Mención de responsabilidad, etc. Ronaldo Brito.
260 ## - PUBLICACIÓN, DISTRIBUCIÓN, ETC.
Lugar de publicación, distribución, etc. Rio de Janeiro, RJ :
Nombre del editor, distribuidor, etc. FUNARTE/Instituto Nacional de Artes Pls̀ticas,
Fecha de publicación, distribución, etc. 1985.
300 ## - DESCRIPCIÓN FÍSICA
Extensión 119 p. :
Otras características físicas ill. (some col.) ;
Dimensiones 26 cm.
490 1# - MENCIÓN DE SERIE
Mención de serie Temas e debates ;
Designación de volumen o secuencia 4
500 ## - NOTA GENERAL
Nota general English and Portuguese.
500 ## - NOTA GENERAL
Nota general Includes index.
504 ## - NOTA DE BIBLIOGRAFÍA, ETC.
Nota de bibliografía, etc. Bibliography: p. 115-117.
650 #0 - PUNTO DE ACCESO ADICIONAL DE MATERIA--TÉRMINO DE MATERIA
Término de materia o nombre geográfico como elemento de entrada Constructivism (Art)
Subdivisión geográfica Brazil.
9 (RLIN) 1240
650 #0 - PUNTO DE ACCESO ADICIONAL DE MATERIA--TÉRMINO DE MATERIA
Término de materia o nombre geográfico como elemento de entrada Art, Brazilian
Subdivisión cronológica 20th century.
9 (RLIN) 1241
830 #0 - PUNTO DE ACCESO ADICIONAL DE SERIE-TÍTULO UNIFORME
Título uniforme Temas e debates (Series) ;
Designación de volumen o secuencia 4.
9 (RLIN) 1479
906 ## - ELEMENTOS DE DATOS F LOCAL, LDF (RLIN)
a 7
b cbc
c orignew
d 4
e ncip
f 19
g y-gencatlg
Holdings
Estatus retirado Estado de pérdida Fuente del sistema de clasificación o colocación Estado de daño No para préstamo Biblioteca de origen Biblioteca actual Ubicación en estantería Fecha de adquisición Total de préstamos Signatura topográfica completa Código de barras Visto por última vez Precio de reemplazo Tipo de ítem Koha
    Clasificación Decimal Dewey     Biblioteca LadoV Biblioteca LadoV   31/03/2014   709.81 B862n 000055 31/03/2014 31/03/2014 Material 01